| 000 | 00517nam a22001937a 4500 | ||
|---|---|---|---|
| 005 | 20211006123903.0 | ||
| 008 | 211006b ||||| |||| 00| 0 eng d | ||
| 020 | _a9789383611874 | ||
| 040 |
_aIN-DiNC _cIN-DiNC |
||
| 041 | _dasm | ||
| 082 |
_a001.42 _bBOR |
||
| 100 |
_aBorah, Dilip _eauthor |
||
| 245 |
_aGavesana paddhati: _bbitarka aru siddhanta/ _cby Dilip Borah |
||
| 250 | _a1st ed. | ||
| 260 |
_aGuwahati: _bRekha prakashan, _c2017 |
||
| 300 | _a159p. | ||
| 650 | _aResearch methodology | ||
| 942 |
_2ddc _cBK |
||
| 999 |
_c11200 _d11200 |
||